<?xml version="1.0" encoding="UTF-8"?>
<record
    xmlns:xsi="http://www.w3.org/2001/XMLSchema-instance"
    xsi:schemaLocation="http://www.loc.gov/MARC21/slim http://www.loc.gov/standards/marcxml/schema/MARC21slim.xsd"
    xmlns="http://www.loc.gov/MARC21/slim">

  <leader>01023nam a22002057a 4500</leader>
  <controlfield tag="005">20230325115223.0</controlfield>
  <controlfield tag="008">230227b           ||||| |||| 00| 0 eng d</controlfield>
  <datafield tag="020" ind1=" " ind2=" ">
    <subfield code="a">9789881545138</subfield>
  </datafield>
  <datafield tag="040" ind1=" " ind2=" ">
    <subfield code="c">AL</subfield>
  </datafield>
  <datafield tag="041" ind1=" " ind2=" ">
    <subfield code="a">eng</subfield>
  </datafield>
  <datafield tag="082" ind1=" " ind2=" ">
    <subfield code="2">23</subfield>
    <subfield code="a">741.6</subfield>
    <subfield code="b">OSOC</subfield>
  </datafield>
  <datafield tag="100" ind1=" " ind2=" ">
    <subfield code="a">Laura Osorno</subfield>
    <subfield code="9">73549</subfield>
  </datafield>
  <datafield tag="245" ind1=" " ind2=" ">
    <subfield code="a">Commercial illustration</subfield>
  </datafield>
  <datafield tag="260" ind1=" " ind2=" ">
    <subfield code="a">Hong Kong</subfield>
    <subfield code="b">Design Media Publishing Ltd.</subfield>
    <subfield code="c">2014</subfield>
  </datafield>
  <datafield tag="300" ind1=" " ind2=" ">
    <subfield code="a">255p.</subfield>
    <subfield code="b">PB</subfield>
    <subfield code="c">22.5x18Cm.</subfield>
  </datafield>
  <datafield tag="365" ind1=" " ind2=" ">
    <subfield code="2">General</subfield>
    <subfield code="a">WORDI/2022/CRB/1323</subfield>
    <subfield code="b">976.00</subfield>
    <subfield code="d">1394.00</subfield>
    <subfield code="e">30%</subfield>
    <subfield code="f">26-08-2023</subfield>
  </datafield>
  <datafield tag="520" ind1=" " ind2=" ">
    <subfield code="a">If one day, you pick it up in a bookshop, you will be immediately invited into an unusual visual journey to really appreciate the illustration design. This book has collected a number of masterpieces of commercial illustration around the world, illustrating to us that how designers apply the illustration in the commodities. So many classical projects will perfectly present the designers endless creativity.</subfield>
  </datafield>
  <datafield tag="650" ind1=" " ind2=" ">
    <subfield code="2">The Arts</subfield>
    <subfield code="a">Graphic design, illustration, commercial art</subfield>
    <subfield code="9">73550</subfield>
  </datafield>
  <datafield tag="942" ind1=" " ind2=" ">
    <subfield code="2">ddc</subfield>
    <subfield code="c">BK</subfield>
  </datafield>
  <datafield tag="999" ind1=" " ind2=" ">
    <subfield code="c">226828</subfield>
    <subfield code="d">226828</subfield>
  </datafield>
  <datafield tag="952" ind1=" " ind2=" ">
    <subfield code="0">0</subfield>
    <subfield code="1">0</subfield>
    <subfield code="2">ddc</subfield>
    <subfield code="4">0</subfield>
    <subfield code="7">0</subfield>
    <subfield code="8">MAJMC</subfield>
    <subfield code="a">SACPG</subfield>
    <subfield code="b">SACPG</subfield>
    <subfield code="d">2022-09-03</subfield>
    <subfield code="e">Word Book Shop</subfield>
    <subfield code="g">976.00</subfield>
    <subfield code="l">0</subfield>
    <subfield code="o">741.6 OSOC</subfield>
    <subfield code="p">PG023991</subfield>
    <subfield code="r">2023-02-27 00:00:00</subfield>
    <subfield code="v">1394.00</subfield>
    <subfield code="w">2023-02-27</subfield>
    <subfield code="y">BK</subfield>
  </datafield>
</record>
